000 00821nam a2200265Ia 4500
005 20210727153033.0
008 121119s2001 sp gr 000 f spa
020 _a8466304568
041 0 _aspa
100 1 _aVargas Llosa, Mario
_d1936-
245 1 0 _aConversación en la catedral
_cMario Vargas Llosa
250 _aPrimera edición
300 _a755 páginas
_c17 cm
490 0 _aPunto de Lectura
650 1 4 _aNovela peruana
_y Siglo XX
_2LEMB
650 1 4 _aLiteratura peruana
_y Siglo XX
_2LEMB
650 1 4 _aNovela histórica peruana
_y Siglo XX
_2LEMB
942 _2loc
_cBKLIT
264 _aMadrid
_bPunto de Lectura
_c2001
336 _atexto
_btxt
_2rdacontent
337 _asin mediación
_bn
_2rdamedia
338 _avolumen
_bnc
_2rdacarrier
040 _aCO-BoRNBP
_bspa
_erda
_cCO-BoRNBP
084 _aN VAR1
999 _c1282
_d1282